000 002810000a22000970004500
100 1 _aBonilla A., Plutarco
245 1 0 _aLa crisis suprema : Reflexiones en torno a la muerte
300 _aVol. 46, Núm 196 (1991), Páginas 21-22
773 0 _tLa Biblia de las Américas
942 _cANA
999 _c51327
_d51327